Putting oneself in the shoes of a villain: Diderot and the Lovelace paradox (notice n° 1726041)
[ vue normale ]
| 000 -LEADER | |
|---|---|
| fixed length control field | 00939cam a2200157 4500500 |
| 005 - DATE AND TIME OF LATEST TRANSACTION | |
| control field | 20260322002727.0 |
| 041 ## - LANGUAGE CODE | |
| Language code of text/sound track or separate title | fre |
| 042 ## - AUTHENTICATION CODE | |
| Authentication code | dc |
| 100 10 - MAIN ENTRY--PERSONAL NAME | |
| Personal name | Charles, Shelly |
| Relator term | author |
| 245 00 - TITLE STATEMENT | |
| Title | Putting oneself in the shoes of a villain: Diderot and the Lovelace paradox |
| 260 ## - PUBLICATION, DISTRIBUTION, ETC. | |
| Date of publication, distribution, etc. | 2026.<br/> |
| 500 ## - GENERAL NOTE | |
| General note | 19 |
| 520 ## - SUMMARY, ETC. | |
| Summary, etc. | Lovelace is the character Diderot refers to most often in his Éloge de Richardson. But what exactly fascinates Diderot? The moral complexity of the seducer can be understood through the prism of his role as a mystifier with proven talents as an actor, author, and theorist of illusion. Diderot likens his role to that of Richardson, the notorious master of illusion. |
| 786 0# - DATA SOURCE ENTRY | |
| Note | Recherches sur Diderot et sur l’Encyclopédie | 60 | 1 | 2026-01-22 | p. 109-144 | 0769-0886 |
| 856 41 - ELECTRONIC LOCATION AND ACCESS | |
| Uniform Resource Identifier | <a href="https://shs.cairn.info/journal-recherches-sur-diderot-et-sur-lencyclopedie-2025-1-page-109?lang=en&redirect-ssocas=7080">https://shs.cairn.info/journal-recherches-sur-diderot-et-sur-lencyclopedie-2025-1-page-109?lang=en&redirect-ssocas=7080</a> |
Pas d'exemplaire disponible.




Réseaux sociaux